[Event "Aeroflot Open A"]
[Site "Moscow RUS"]
[Date "2011.02.14"]
[Round "7"]
[White "Mamedov, Rauf"]
[Black "Bukavshin, Ivan"]
[Result "1-0"]
[WhiteTitle "GM"]
[BlackTitle "FM"]
[WhiteElo "2660"]
[BlackElo "2458"]
[WhiteFideId "13401653"]
[BlackFideId "4199758"]
[EventDate "2011.02.08"]

1. e4 c5 2. Nf3 e6 3. d4 cxd4 4. Nxd4 Nf6 5. Nc3 d6 6. g3 Nc6 7. Bg2 Bd7 8. O-O
a6 9. Nb3 Be7 10. a4 Na5 11. Nxa5 Qxa5 12. Bd2 Qc7 13. a5 Rc8 14. Be3 O-O 15.
Re1 Bc6 16. Bb6 Qb8 17. Nd5 exd5 18. exd5 Nxd5 19. Bxd5 Rce8 20. Bxc6 bxc6 21.
Qd3 Qc8 22. Re3 Bf6 23. Qxd6 Bxb2 24. Rae1 Rxe3 25. Rxe3 Re8 26. Qc7 Qa8 27. Qa7
Rf8 28. Qxa8 Rxa8 29. Re7 Ba3 30. Rc7 Kf8 31. Kf1 Ke8 32. Ke2 Bd6 33. Rb7 h5 34.
h4 g6 35. Kd3 Bb4 36. Kc4 Be7 37. Rc7 c5 38. Rb7 Bd6 39. Kd5 Be7 40. c4 Bf8 41.
Kc6 Rc8+ 42. Rc7 Kd8 43. Rxc8+ Kxc8 44. Bxc5 Bg7 45. Kb6 Kd7 46. Kb7 1-0

[Event "Aeroflot Open A"]
[Site "Moscow RUS"]
[Date "2011.02.14"]
[Round "7"]
[White "Sjugirov, Sanan"]
[Black "Zvjaginsev, Vadim"]
[Result "1/2-1/2"]
[WhiteTitle "GM"]
[BlackTitle "GM"]
[WhiteElo "2626"]
[BlackElo "2660"]
[WhiteFideId "4189302"]
[BlackFideId "4113403"]
[EventDate "2011.02.08"]

1. e4 e6 2. d4 d5 3. Nd2 c5 4. exd5 exd5 5. Ngf3 Nc6 6. Bb5 Qe7+ 7. Be2 Nf6 8.
O-O Qc7 9. Re1 cxd4 10. Bb5+ Be7 11. Qe2 a6 12. Bxc6+ bxc6 13. Nxd4 Ra7 14. Qf3 1/2-1/2

[Event "Aeroflot Open A"]
[Site "Moscow RUS"]
[Date "2011.02.14"]
[Round "7"]
[White "Vuckovic, Bojan"]
[Black "Movsesian, Sergei"]
[Result "1-0"]
[WhiteTitle "GM"]
[BlackTitle "GM"]
[WhiteElo "2623"]
[BlackElo "2721"]
[WhiteFideId "922277"]
[BlackFideId "310204"]
[EventDate "2011.02.08"]

1. d4 Nf6 2. c4 e6 3. Nc3 Bb4 4. e3 d5 5. Nf3 O-O 6. Bd3 c5 7. O-O Nc6 8. a3
Bxc3 9. bxc3 Qc7 10. Bb2 Na5 11. cxd5 exd5 12. Ne5 c4 13. Bc2 Ne4 14. f3 Nd6 15.
a4 f6 16. Ba3 Rd8 17. Ng4 Re8 18. Qb1 h6 19. Bh7+ Kh8 20. Bg6 Re7 21. Qb4 Rd7
22. Qb2 Re7 23. Rae1 Bxg4 24. fxg4 Re6 25. Bxd6 Qxd6 26. Bb1 Rg8 27. Qc2 g6 28.
e4 Rge8 29. Qd2 Kg7 30. exd5 Qxd5 31. Qf4 Qd7 32. Bxg6 Kxg6 33. Qf5+ Kg7 34. d5 1-0

[Event "Aeroflot Open A"]
[Site "Moscow RUS"]
[Date "2011.02.14"]
[Round "7"]
[White "Ragger, Markus"]
[Black "Andreikin, Dmitry"]
[Result "1/2-1/2"]
[WhiteTitle "GM"]
[BlackTitle "GM"]
[WhiteElo "2615"]
[BlackElo "2689"]
[WhiteFideId "1610856"]
[BlackFideId "4158814"]
[EventDate "2011.02.08"]

1. d4 Nf6 2. c4 e6 3. Nf3 b6 4. g3 Ba6 5. b3 Bb4+ 6. Bd2 Be7 7. Bg2 c6 8. O-O d5
9. Qc2 O-O 10. Rd1 Nbd7 11. Bf4 Rc8 12. Nc3 Bb4 13. a3 Bxc3 14. Qxc3 c5 15. dxc5
Nxc5 16. Qb2 Qe7 17. Be5 Bb7 18. b4 Ncd7 1/2-1/2

[Event "Aeroflot Open A"]
[Site "Moscow RUS"]
[Date "2011.02.14"]
[Round "7"]
[White "Lenic, Luka"]
[Black "Motylev, Alexander"]
[Result "1/2-1/2"]
[WhiteTitle "GM"]
[BlackTitle "GM"]
[WhiteElo "2613"]
[BlackElo "2687"]
[WhiteFideId "14603853"]
[BlackFideId "4121830"]
[EventDate "2011.02.08"]

1. d4 d6 2. Nf3 Nf6 3. c4 g6 4. Nc3 Bg7 5. e4 O-O 6. Be2 e5 7. O-O Na6 8. Be3
Ng4 9. Bg5 Qe8 10. dxe5 dxe5 11. h3 f6 12. Bd2 Nh6 13. Rc1 c6 14. a3 f5 15. b4
Nf7 16. c5 Nc7 17. Re1 f4 18. Na4 Be6 19. Nb2 Rd8 20. Bc4 g5 21. Qb3 h5 22. Rcd1
Qe7 23. Nh2 Bxc4 24. Nxc4 Nb5 25. Bc3 Nxc3 26. Qxc3 Kh7 27. Qf3 Kg6 28. g4 h4
29. Qc3 Bf6 30. Nf3 Kg7 31. Kg2 Qe6 32. Qc2 Be7 33. Na5 Qc8 34. Nc4 Qc7 35. Qb2
Bf6 36. a4 Rd7 37. Rxd7 Qxd7 38. Nd6 Rd8 39. Nf5+ Kg6 40. Re2 Qe6 41. Qc2 Rd7
42. Rd2 Bd8 43. Rxd7 Qxd7 44. Nd2 Bc7 45. Nc4 Kf6 46. Qb3 a6 47. a5 Qd8 48. Kf3
Bb8 49. Ke2 Bc7 50. f3 Bb8 51. Nb6 Bc7 52. Na4 Qd7 53. Nb2 Bb8 54. Nc4 Qd8 55.
Qd3 Qxd3+ 56. Kxd3 Bc7 57. Nb2 Bb8 58. Kc4 Ke6 1/2-1/2

[Event "Aeroflot Open A"]
[Site "Moscow RUS"]
[Date "2011.02.14"]
[Round "7"]
[White "Kurnosov, Igor"]
[Black "Rodshtein, Maxim"]
[Result "0-1"]
[WhiteTitle "GM"]
[BlackTitle "GM"]
[WhiteElo "2662"]
[BlackElo "2625"]
[WhiteFideId "4142527"]
[BlackFideId "2806851"]
[EventDate "2011.02.08"]

1. e4 c6 2. d4 d5 3. e5 Bf5 4. Nd2 e6 5. Nb3 Nd7 6. Nf3 Ne7 7. Be2 Nc8 8. a4 Be7
9. a5 a6 10. O-O O-O 11. c4 Na7 12. h3 dxc4 13. Bxc4 c5 14. Qe2 Nc6 15. Rd1 Qc7
16. Bf4 Nb4 17. dxc5 Nxc5 18. Nxc5 Bxc5 19. Nh4 Bc2 20. Rdc1 Qd8 21. Bg3 Be7 22.
Qg4 Rc8 23. b3 g6 24. Rxc2 Nxc2 25. Rd1 Qe8 26. Bf4 Rd8 27. Rc1 Nd4 28. Bh6 Bxh4
29. Bxf8 Bxf2+ 30. Kxf2 Qxf8 31. Kg3 Nc6 32. Qf4 Nxa5 33. Kh2 Qe7 34. Rc3 Nc6
35. Bxa6 Nb4 36. Bc4 b5 37. Bxe6 fxe6 38. Qf1 Nd5 0-1

[Event "Aeroflot Open A"]
[Site "Moscow RUS"]
[Date "2011.02.14"]
[Round "7"]
[White "Dubov, Daniil"]
[Black "Ni, Hua"]
[Result "1/2-1/2"]
[WhiteTitle "IM"]
[BlackTitle "GM"]
[WhiteElo "2459"]
[BlackElo "2645"]
[WhiteFideId "24126055"]
[BlackFideId "8601160"]
[EventDate "2011.02.08"]

1. d4 d5 2. c4 c6 3. Nf3 Nf6 4. Nc3 dxc4 5. a4 Bf5 6. Ne5 Nbd7 7. Nxc4 Nb6 8.
Ne5 a5 9. e3 Nbd7 10. Qb3 Nxe5 11. dxe5 Nd7 12. Qxb7 Nxe5 13. Nb5 Rb8 14. Qc7 f6
15. Qxd8+ Rxd8 16. Nd4 Nd3+ 17. Bxd3 Bxd3 18. Bd2 Rb8 19. Bc3 Be4 20. f3 Bd5 21.
e4 e5 22. exd5 exd4 23. Bxd4 cxd5 24. O-O-O Bb4 25. Bc3 Bxc3 26. bxc3 Rd8 27.
Rd4 Ke7 28. Kc2 Rd7 29. Rb1 Rc8 30. Rb5 Rdc7 31. Rd3 d4 32. Rxa5 Rxc3+ 33. Rxc3
Rxc3+ 34. Kd2 Ke6 35. Ra7 g5 36. Rxh7 Ra3 37. h4 gxh4 38. Rxh4 Rxa4 39. Kd3 Ke5 1/2-1/2

[Event "Aeroflot Open A"]
[Site "Moscow RUS"]
[Date "2011.02.14"]
[Round "7"]
[White "Petrosian, Tigran L."]
[Black "Khairullin, Ildar"]
[Result "1-0"]
[WhiteTitle "GM"]
[BlackTitle "GM"]
[WhiteElo "2604"]
[BlackElo "2640"]
[WhiteFideId "13301616"]
[BlackFideId "4151348"]
[EventDate "2011.02.08"]

1. e4 e5 2. Nf3 Nc6 3. Bb5 a6 4. Ba4 Nf6 5. O-O Be7 6. Re1 b5 7. Bb3 d6 8. c3
O-O 9. h3 Nb8 10. d4 Nbd7 11. Nbd2 Bb7 12. Bc2 Re8 13. a4 Bf8 14. Bd3 c6 15. b3
g6 16. Bb2 Bg7 17. Qc2 Rc8 18. Bf1 Qc7 19. c4 bxc4 20. dxe5 Nxe5 21. Nxe5 cxb3
22. Nxb3 dxe5 23. Nc5 Ra8 24. a5 Bc8 25. Qc3 Nd7 26. Ba3 Bf8 27. Rec1 Nf6 28.
Qe1 Nh5 29. Rab1 Rb8 30. Kh2 Bh6 31. Rxb8 Qxb8 32. Rb1 Qd6 33. Rd1 Qc7 34. Nxa6
Bxa6 35. Bxa6 Bf8 36. Bxf8 Rxf8 37. Bc4 Nf6 38. a6 Qb6 39. Qe3 Qb4 40. Qb3 Qc5
41. f3 Kg7 42. Ra1 Qa7 43. Rb1 Rc8 44. Qc3 Qc5 45. Rb7 1-0

[Event "Aeroflot Open A"]
[Site "Moscow RUS"]
[Date "2011.02.14"]
[Round "7"]
[White "Kotronias, Vasilios"]
[Black "Kamsky, Gata"]
[Result "0-1"]
[WhiteTitle "GM"]
[BlackTitle "GM"]
[WhiteElo "2599"]
[BlackElo "2730"]
[WhiteFideId "5900212"]
[BlackFideId "2000024"]
[EventDate "2011.02.08"]

1. e4 e5 2. Nf3 Nc6 3. d4 exd4 4. Nxd4 Bc5 5. Nb3 Bb6 6. Qe2 Nge7 7. Nc3 O-O 8.
Be3 f5 9. Bxb6 axb6 10. exf5 d5 11. O-O-O Bxf5 12. Kb1 Kh8 13. Qd2 Be6 14. f4
Bg8 15. g3 Na5 16. Bg2 c6 17. Rhe1 Nc4 18. Qf2 Nf5 19. Bf1 b5 20. Bxc4 bxc4 21.
Nd4 Nxd4 22. Qxd4 b6 23. Qe3 Ra7 24. Qe5 Rd7 25. Qh5 d4 26. Qg4 h6 27. Re5 c5
28. a3 Re7 29. Ne2 Rfe8 30. Ng1 Rxe5 31. fxe5 c3 32. Nf3 Qd5 33. b3 Bh7 34. Kc1
d3 35. Qa4 d2+ 0-1

[Event "Aeroflot Open A"]
[Site "Moscow RUS"]
[Date "2011.02.14"]
[Round "7"]
[White "Riazantsev, Alexander"]
[Black "Grigoryan, Avetik"]
[Result "1/2-1/2"]
[WhiteTitle "GM"]
[BlackTitle "GM"]
[WhiteElo "2689"]
[BlackElo "2595"]
[WhiteFideId "4125029"]
[BlackFideId "13302191"]
[EventDate "2011.02.08"]

1. d4 Nf6 2. c4 e6 3. Nf3 c5 4. d5 exd5 5. cxd5 d6 6. Nc3 g6 7. Bf4 a6 8. a4 Bg7
9. h3 O-O 10. e3 Re8 11. Nd2 Nbd7 12. Be2 Ne5 13. O-O Nfd7 14. Re1 f5 15. Bh2
Nf6 16. a5 g5 17. f4 gxf4 18. exf4 Ng6 19. Nc4 Ne4 20. Nxe4 Rxe4 21. Bd3 Rd4 22.
Qc2 Nxf4 23. Bxf4 Rxf4 24. Rf1 Qh4 25. Nxd6 Bd4+ 26. Kh1 Be5 27. Nc4 Rxc4 28.
Bxc4 Qg3 29. Kg1 Bd7 30. Ra3 Qh2+ 31. Kf2 Re8 32. Rd1 Qf4+ 33. Kg1 Qh2+ 34. Kf2
Qf4+ 1/2-1/2

[Event "Aeroflot Open A"]
[Site "Moscow RUS"]
[Date "2011.02.14"]
[Round "7"]
[White "Fier, Alexandr"]
[Black "Timofeev, Artyom"]
[Result "1/2-1/2"]
[WhiteTitle "GM"]
[BlackTitle "GM"]
[WhiteElo "2571"]
[BlackElo "2681"]
[WhiteFideId "2107139"]
[BlackFideId "4140419"]
[EventDate "2011.02.08"]

1. e4 e6 2. d4 d5 3. Nc3 dxe4 4. Nxe4 Nd7 5. Nf3 Ngf6 6. Nxf6+ Nxf6 7. Bd3 c5 8.
Be3 Qc7 9. Qe2 a6 10. O-O Nd5 11. c4 Nf4 12. Bxf4 1/2-1/2

[Event "Aeroflot Open A"]
[Site "Moscow RUS"]
[Date "2011.02.14"]
[Round "7"]
[White "Khalifman, Alexander"]
[Black "Deviatkin, Andrei"]
[Result "1-0"]
[WhiteTitle "GM"]
[BlackTitle "GM"]
[WhiteElo "2638"]
[BlackElo "2573"]
[WhiteFideId "4100115"]
[BlackFideId "4121260"]
[EventDate "2011.02.08"]

1. c4 c6 2. Nc3 d5 3. d4 Nf6 4. e3 g6 5. Nf3 Bg7 6. Be2 O-O 7. O-O e6 8. b4 dxc4
9. Bxc4 Nd5 10. Qb3 Nxc3 11. Qxc3 Nd7 12. e4 b6 13. Bg5 Qc7 14. Rac1 Bb7 15. Qd2
Rae8 16. Rfd1 Qb8 17. e5 a6 18. Be2 Qa8 19. Qe3 Rc8 20. Be7 Rfe8 21. Bd6 a5 22.
a3 Ba6 23. Bxa6 Qxa6 24. h4 axb4 25. axb4 Qb5 26. h5 Qd5 27. Qf4 f5 28. hxg6 h6
29. g4 Nf8 30. gxf5 exf5 31. Qxf5 Ne6 32. Re1 Rf8 33. Bxf8 Rxf8 34. Qe4 Rxf3 35.
Rxc6 Nf4 36. Qxd5+ Nxd5 37. Rd6 Ne7 38. Rxb6 Rd3 39. Rd6 Bf8 40. b5 Nf5 41. Rd8
Kg7 42. Rb1 Be7 43. Rd7 Rxd4 44. Rxd4 Nxd4 45. Kg2 Bg5 46. b6 Bf4 47. Re1 Nc6
48. b7 Kxg6 49. Re4 1-0

[Event "Aeroflot Open A"]
[Site "Moscow RUS"]
[Date "2011.02.14"]
[Round "7"]
[White "Lysyj, Igor"]
[Black "Felgaer, Ruben"]
[Result "1-0"]
[WhiteTitle "GM"]
[BlackTitle "GM"]
[WhiteElo "2635"]
[BlackElo "2585"]
[WhiteFideId "4150120"]
[BlackFideId "107069"]
[EventDate "2011.02.08"]

1. d4 d5 2. c4 c6 3. Nf3 Nf6 4. e3 Bf5 5. Nc3 e6 6. Nh4 Bg6 7. Be2 Nbd7 8. g3
dxc4 9. Nxg6 hxg6 10. Bxc4 Be7 11. O-O Qa5 12. Be2 e5 13. Bf3 exd4 14. exd4 Nb6
15. Re1 Qf5 16. h4 Qd7 17. a4 O-O 18. Qb3 Rfe8 19. a5 Nbd5 20. Bg5 a6 21. Re5
Nb4 22. Rd1 Rad8 23. h5 gxh5 24. Bxf6 gxf6 25. Rxh5 Kg7 26. Rh7+ 1-0

[Event "Aeroflot Open A"]
[Site "Moscow RUS"]
[Date "2011.02.14"]
[Round "7"]
[White "Shomoev, Anton"]
[Black "Edouard, Romain"]
[Result "1/2-1/2"]
[WhiteTitle "GM"]
[BlackTitle "GM"]
[WhiteElo "2557"]
[BlackElo "2634"]
[WhiteFideId "4135148"]
[BlackFideId "633429"]
[EventDate "2011.02.08"]

1. e4 c5 2. Nf3 Nc6 3. d4 cxd4 4. Nxd4 Nf6 5. Nc3 e5 6. Ndb5 d6 7. Bg5 a6 8. Na3
b5 9. Bxf6 gxf6 10. Nd5 f5 11. Bd3 Be6 12. O-O Bxd5 13. exd5 Ne7 14. c4 Bg7 15.
Rb1 e4 16. Be2 O-O 17. cxb5 axb5 18. Bxb5 Qb6 19. Qd2 Qc5 20. Bc6 Nxc6 21. dxc6
Qxc6 22. Rfc1 Qa6 23. Nc4 1/2-1/2

[Event "Aeroflot Open A"]
[Site "Moscow RUS"]
[Date "2011.02.14"]
[Round "7"]
[White "Predojevic, Borki"]
[Black "Hess, Robert L"]
[Result "1-0"]
[WhiteTitle "GM"]
[BlackTitle "GM"]
[WhiteElo "2626"]
[BlackElo "2572"]
[WhiteFideId "930849"]
[BlackFideId "2022036"]
[EventDate "2011.02.08"]

1. e4 e5 2. Nf3 Nc6 3. Bc4 Bc5 4. c3 Nf6 5. d3 a6 6. Bb3 Ba7 7. O-O d6 8. Re1 h6
9. Nbd2 O-O 10. h3 Be6 11. Nf1 Re8 12. Bc2 d5 13. exd5 Nxd5 14. Ng3 Qd6 15. Nh4
Rad8 16. Qf3 Qf8 17. Nh5 Rd6 18. Bxh6 gxh6 19. d4 Kh8 20. dxe5 Rdd8 21. Rad1
Nde7 22. Qe4 Qg8 23. Nf6 Qg7 24. Nh5 Qg8 25. Nf6 Qg7 26. Rd3 Ng6 27. Rg3 Nce7
28. Nxe8 Rxe8 29. Qxb7 Bb6 30. Qxa6 Rd8 31. Qe2 Rd5 32. Bb3 Rd8 33. Bxe6 fxe6
34. Nxg6+ Nxg6 35. Qe4 Kh7 36. Re2 Rf8 37. Rf3 h5 38. a4 Rxf3 39. Qxf3 Kh6 40.
b4 c5 41. a5 Bc7 42. a6 Bxe5 43. Qb7 Bc7 44. Rxe6 Qf7 45. Qe4 1-0

[Event "Aeroflot Open A"]
[Site "Moscow RUS"]
[Date "2011.02.14"]
[Round "7"]
[White "Jumabayev, Rinat"]
[Black "Maletin, Pavel"]
[Result "0-1"]
[WhiteTitle "GM"]
[BlackTitle "GM"]
[WhiteElo "2555"]
[BlackElo "2621"]
[WhiteFideId "13702661"]
[BlackFideId "4146786"]
[EventDate "2011.02.08"]

1. d4 d5 2. c4 c6 3. Nc3 Nf6 4. Nf3 e6 5. e3 Nbd7 6. Qc2 Bd6 7. Bd3 O-O 8. O-O
dxc4 9. Bxc4 a6 10. Rd1 b5 11. Bd3 Bb7 12. e4 e5 13. dxe5 Nxe5 14. Nxe5 Bxe5 15.
Bxb5 Bxh2+ 16. Kf1 Qc7 17. Bc4 Be5 18. Be3 c5 19. Nd5 Bxd5 20. Bxd5 Rab8 21.
Rab1 Rfc8 22. Bc4 Ng4 23. Bxa6 Nxe3+ 24. fxe3 Re8 25. Bc4 Qe7 26. Bd5 Qg5 27.
Qf2 Kh8 28. Ke2 Bxb2 29. Rh1 h6 30. Qf3 Be5 31. g4 c4 32. Bxc4 Rbc8 33. Bb3 Bf6
34. Rbc1 Qe5 35. Rxc8 Rxc8 36. Qf5 Qb2+ 37. Kf3 Rc1 38. Bxf7 Bh4 39. Rxh4 Rf1+
40. Kg3 Rg1+ 41. Kf4 g5+ 42. Qxg5 Rf1+ 0-1

[Event "Aeroflot Open A"]
[Site "Moscow RUS"]
[Date "2011.02.14"]
[Round "7"]
[White "Romanov, Evgeny"]
[Black "Papin, Vasily"]
[Result "1-0"]
[WhiteTitle "GM"]
[BlackTitle "IM"]
[WhiteElo "2606"]
[BlackElo "2568"]
[WhiteFideId "4148843"]
[BlackFideId "4143183"]
[EventDate "2011.02.08"]

1. e4 c5 2. Nf3 e6 3. g3 b6 4. Bg2 Bb7 5. Qe2 Nf6 6. e5 Nd5 7. O-O Be7 8. d4 O-O
9. c4 Nc7 10. dxc5 bxc5 11. Nc3 Nc6 12. Ne4 f5 13. exf6 gxf6 14. Be3 Na6 15.
Rad1 Qc7 16. Bf4 e5 17. Bh6 Rf7 18. Nh4 Nd4 19. Qg4+ Kh8 20. Qh5 Kg8 21. Rxd4
cxd4 22. Nf5 Bf8 23. Ned6 Bxd6 24. Qg4+ Kh8 25. Bg7+ 1-0

[Event "Aeroflot Open A"]
[Site "Moscow RUS"]
[Date "2011.02.14"]
[Round "7"]
[White "Fedoseev, Vladimir3"]
[Black "Bocharov, Dmitry"]
[Result "0-1"]
[WhiteTitle "IM"]
[BlackTitle "GM"]
[WhiteElo "2505"]
[BlackElo "2605"]
[WhiteFideId "24130737"]
[BlackFideId "4138716"]
[EventDate "2011.02.08"]

1. d4 Nf6 2. c4 e6 3. Nf3 Bb4+ 4. Bd2 Qe7 5. g3 Nc6 6. Bg2 Bxd2+ 7. Nbxd2 d6 8.
O-O a5 9. e4 e5 10. d5 Nb8 11. Ne1 h5 12. h4 Bg4 13. Qa4+ c6 14. dxc6 bxc6 15.
Nc2 O-O 16. Ne3 Nbd7 17. Nb3 Rfb8 18. Nxg4 hxg4 19. Rfd1 Ra6 20. Qa3 c5 21. Nd2
Nf8 22. Nf1 Ne6 23. Ne3 Nd4 24. Rd2 Qb7 25. Qd3 a4 26. Rb1 g6 27. Nd1 Kg7 28.
Nc3 Qb4 29. f3 gxf3 30. Bxf3 Qa5 31. Bd1 Rab6 32. Rf2 R6b7 33. h5 Qd8 34. hxg6
fxg6 35. Nxa4 Qd7 36. Rh2 Rf8 37. b3 Ng4 38. Rh4 Nf2 39. Qe3 Nxd1 40. Qh6+ Kf7
41. Rxd1 Nf3+ 42. Kg2 Nxh4+ 43. Qxh4 Kg8 44. Rh1 Qg7 45. Nc3 Rbf7 46. Nd1 Rf3
47. Qg4 Qf6 48. Re1 Kg7 49. Re2 Rf1 50. Rd2 Rg1+ 51. Kh2 Rh1+ 0-1

[Event "Aeroflot Open A"]
[Site "Moscow RUS"]
[Date "2011.02.14"]
[Round "7"]
[White "Korobov, Anton"]
[Black "Kotsur, Pavel"]
[Result "1/2-1/2"]
[WhiteTitle "GM"]
[BlackTitle "GM"]
[WhiteElo "2670"]
[BlackElo "2559"]
[WhiteFideId "14105730"]
[BlackFideId "13700278"]
[EventDate "2011.02.08"]

1. d4 f5 2. g3 g6 3. Bg2 Nf6 4. Nf3 Bg7 5. c4 O-O 6. O-O d6 7. Nc3 c6 8. b3 Qa5
9. Bd2 Qc7 10. d5 Na6 11. Rc1 Nc5 12. Be3 a5 13. Qc2 Bd7 14. Rfd1 Rae8 15. dxc6
bxc6 16. Ne5 Nb7 17. Nxd7 Nxd7 18. Qd2 Rf7 19. a3 e5 20. Nb5 cxb5 21. cxb5 Qb8
22. Bd5 Bf6 23. Bxf7+ Kxf7 24. Qd5+ Ke7 25. Ba7 Qxa7 26. Rc7 Rd8 27. Rxb7 Qc5
28. Qxc5 dxc5 29. Ra7 e4 30. Rxa5 Bd4 31. e3 Be5 32. Ra7 Bd6 33. a4 Rb8 34. Ra6
Bc7 35. Rc6 Rb7 36. Rd5 c4 37. bxc4 Nb6 38. Rd4 Nxa4 39. c5 Nc3 40. b6 Be5 41.
Rd2 Rd7 42. Rdd6 Bxd6 43. cxd6+ Rxd6 44. Rxc3 Rxb6 45. Rc7+ Kf6 46. Rxh7 Rb1+
47. Kg2 g5 48. Rh6+ Ke5 49. h3 g4 50. Rh4 gxh3+ 51. Kxh3 Rh1+ 52. Kg2 Rb1 53.
Rh8 Kf6 54. Rf8+ Kg5 55. Rg8+ Kf6 56. g4 fxg4 57. Rxg4 Kf5 58. Rf4+ Ke5 59. Rh4
Rb8 60. Rf4 Rg8+ 61. Kh3 Rg7 62. Kh4 Rg2 63. Kh3 Rg8 64. Rg4 Rf8 65. Kg3 Rf3+
66. Kg2 Rf8 67. Rg5+ Ke6 1/2-1/2

[Event "Aeroflot Open A"]
[Site "Moscow RUS"]
[Date "2011.02.14"]
[Round "7"]
[White "Zhou, Weiqi"]
[Black "Sutovsky, Emil"]
[Result "0-1"]
[WhiteTitle "GM"]
[BlackTitle "GM"]
[WhiteElo "2573"]
[BlackElo "2695"]
[WhiteFideId "8601674"]
[BlackFideId "2802007"]
[EventDate "2011.02.08"]

1. d4 Nf6 2. c4 g6 3. Nc3 Bg7 4. g3 d6 5. Bg2 O-O 6. Nf3 Nc6 7. O-O Bf5 8. b3 e5
9. dxe5 dxe5 10. Ba3 Re8 11. Qxd8 Raxd8 12. Rad1 e4 13. Rxd8 Rxd8 14. Nh4 Bg4
15. h3 Bc8 16. Bc1 h6 17. Nxe4 Nxe4 18. Bxe4 Bxh3 19. Bg2 Bg4 20. Bf3 Bh3 21.
Bg2 Bg4 22. Bf3 Bc8 23. Bxc6 bxc6 24. Ng2 Bf5 25. Ne3 Be4 26. Ba3 Rd2 27. Bc5
Rxe2 28. f3 Bf8 29. Bxa7 Rxa2 30. Bd4 Rd2 31. Ba7 Ra2 32. Bd4 Rd2 33. Ba7 Bd3
34. Rf2 Rxf2 35. Kxf2 f5 36. Bb8 Bd6 37. Ke1 Bxg3+ 38. Kd2 Bb1 39. Kc1 Bd3 40.
Kd2 Bb1 41. Kc1 Bf4 42. Kxb1 Bxe3 43. Bxc7 h5 44. Kc2 h4 45. Kd3 Bc5 46. Ke2 h3
47. b4 Bb6 48. Bb8 Bd4 49. Bh2 g5 50. Kf1 Kf7 51. Bg1 Be5 52. Be3 g4 53. fxg4
fxg4 54. b5 Ke6 55. Bf2 Kf5 56. bxc6 Ke6 57. Bc5 g3 58. Kg1 Bc7 59. Kh1 Kf5 0-1

[Event "Aeroflot Open A"]
[Site "Moscow RUS"]
[Date "2011.02.14"]
[Round "7"]
[White "Bologan, Viktor"]
[Black "Danin, Alexandre"]
[Result "1-0"]
[WhiteTitle "GM"]
[BlackTitle "IM"]
[WhiteElo "2693"]
[BlackElo "2538"]
[WhiteFideId "13900048"]
[BlackFideId "4144031"]
[EventDate "2011.02.08"]

1. e4 e6 2. d3 c5 3. Nf3 Nc6 4. c3 Nge7 5. g3 g6 6. Bg2 Bg7 7. O-O O-O 8. Be3 b6
9. Na3 d5 10. Bg5 h6 11. Bxe7 Qxe7 12. exd5 exd5 13. Re1 Be6 14. Nc2 Qd7 15. d4
Rad8 16. Qd2 Bg4 17. b4 Qd6 18. b5 Bxf3 19. Bxf3 Ne7 20. a4 Nf5 21. Bg4 Ne7 22.
Qe3 Nc8 23. Rad1 Qc7 24. dxc5 bxc5 25. Bxc8 Qxc8 26. Qf3 Qa8 27. Re7 a6 28. b6
Qc6 29. b7 Bf6 30. Re2 Kg7 31. Rb1 Rb8 32. Ne3 Rfd8 33. Reb2 Bxc3 34. Rb6 Qxa4
35. Nxd5 Bd4 36. Ne7 c4 37. R6b4 Qc2 38. Nc6 Rd6 39. Nxb8 Rf6 40. Qxf6+ Kxf6 41.
Rf1 Kg7 42. Nc6 Bxf2+ 43. Rxf2 Qd1+ 44. Rf1 1-0

[Event "Aeroflot Open A"]
[Site "Moscow RUS"]
[Date "2011.02.14"]
[Round "7"]
[White "Nechepurenko, Roman V."]
[Black "Savchenko, Boris"]
[Result "1-0"]
[WhiteTitle "FM"]
[BlackTitle "GM"]
[WhiteElo "2546"]
[BlackElo "2637"]
[WhiteFideId "4151119"]
[BlackFideId "4147332"]
[EventDate "2011.02.08"]

1. d4 e6 2. c4 c5 3. d5 exd5 4. cxd5 d6 5. Nc3 g6 6. Nf3 a6 7. a4 Bg7 8. h3 Nd7
9. e4 Ne5 10. Nxe5 Bxe5 11. Bd3 Qh4 12. Ne2 c4 13. Bc2 f5 14. exf5 gxf5 15. O-O
Ne7 16. f4 Bf6 17. Ra3 Bd7 18. Re3 O-O 19. b3 cxb3 20. Bxb3 Rae8 21. Nd4 Bxd4
22. Qxd4 Ng6 23. Bb2 Rf7 24. Rxe8+ Bxe8 25. Kh2 Re7 26. Bc2 Bd7 27. Bd3 Qh6 28.
Qf6 Qf8 29. Qxd6 Bxa4 30. Qb6 Rd7 31. Qe6+ Rf7 32. d6 Bd7 33. Qd5 Bc6 34. Qd4
Bb5 35. Bxb5 axb5 36. Rc1 Qd8 37. g4 fxg4 38. f5 g3+ 39. Kg1 Qh4 40. Rc8+ 1-0

[Event "Aeroflot Open A"]
[Site "Moscow RUS"]
[Date "2011.02.14"]
[Round "7"]
[White "Kovalenko, Igor"]
[Black "Mareco, Sandro"]
[Result "1-0"]
[WhiteTitle "IM"]
[BlackTitle "GM"]
[WhiteElo "2515"]
[BlackElo "2627"]
[WhiteFideId "14117908"]
[BlackFideId "112275"]
[EventDate "2011.02.08"]

1. d4 Nf6 2. Nf3 e6 3. c4 b6 4. g3 Ba6 5. b3 d5 6. Bg2 Bb4+ 7. Bd2 Be7 8. cxd5
exd5 9. O-O O-O 10. Nc3 Re8 11. Qc2 Bb7 12. Bf4 Nh5 13. Bc1 Na6 14. Bb2 Bf8 15.
Rfd1 Nf6 16. Ne5 c5 17. e3 Rc8 18. Qf5 g6 19. Qf4 Bg7 20. Nb5 Qe7 21. Nxa7 Ra8
22. Nb5 Ne4 23. Bxe4 dxe4 24. Nd6 Rf8 25. Nxb7 Qxb7 26. a3 Rad8 27. Nc4 Nc7 28.
Nd6 Qc6 29. Nxe4 f5 30. Nd2 Ne6 31. Qf3 Qb5 32. a4 Qd3 33. Qc6 Ng5 34. Qb5 Qxb5
35. axb5 cxd4 36. Bxd4 Bxd4 37. exd4 Rd5 38. Nc4 Rxb5 39. Rd3 Rd8 40. Kg2 Ne6
41. Re3 Nf8 42. Ra6 f4 43. Rd3 fxg3 44. hxg3 Nd7 45. Rf3 Nf8 46. Nxb6 Rxd4 47.
Ra8 Rxb6 48. Raxf8+ Kg7 49. R3f7+ Kh6 50. Rh8 Rd2 51. Rhxh7+ Kg5 52. Kh3 1-0

[Event "Aeroflot Open A"]
[Site "Moscow RUS"]
[Date "2011.02.14"]
[Round "7"]
[White "Iturrizaga, Eduardo"]
[Black "Mamedov, Nidjat"]
[Result "1-0"]
[WhiteTitle "GM"]
[BlackTitle "GM"]
[WhiteElo "2611"]
[BlackElo "2580"]
[WhiteFideId "3901211"]
[BlackFideId "13400819"]
[EventDate "2011.02.08"]

1. d4 Nf6 2. c4 g6 3. Nf3 Bg7 4. Nc3 d6 5. g3 O-O 6. Bg2 Nc6 7. O-O a6 8. Qd3
Bf5 9. e4 Bg4 10. Be3 Bxf3 11. Bxf3 Nd7 12. Bg4 e5 13. Bxd7 Qxd7 14. d5 Nd4 15.
Bxd4 exd4 16. Ne2 c5 17. dxc6 bxc6 18. Nxd4 Rab8 19. Nb3 Bxb2 20. Rab1 Ba3 21.
c5 Rb5 22. Rbd1 Rd8 23. Qf3 Qc7 24. Nd4 Ra5 25. e5 dxe5 26. Nb3 Rxd1 27. Rxd1
Rb5 28. Qf6 Rb8 29. Rd6 Rc8 30. h4 Bb2 31. h5 gxh5 32. Qg5+ Kh8 33. Qd2 Bd4 34.
Nxd4 exd4 35. Qxd4+ Kg8 36. Qf6 Qa5 37. Qg5+ Kh8 38. Qf5 Rf8 39. Rh6 1-0